000 00380nam a2200133 4500
999 _c356216
_d356216
082 _aMSITE-1 ASM
100 _aAsma Sharif Akhtar
245 _aRole of artificial intelligence in eLearning
260 _aIslamabad
_bNUST-SEECS
_c2017
300 _apv.
_eCD Includes
942 _2ddc